00796nam a2200205 a 450000100100000000500170001000800410002702000150006804000250008308200200010810000220012824501240015026000400027430000310031450000740034560000310041965000540045065000490050470000370055300001512820240409073638.0100201t2002 dr c r 001 0cspa d a9993458023 aDO-SdBNPbspacBNPHU a972.9305bP453p1 aPerozo, Alfonsina14aLos Perozo :bsu exterminio por la dictadura de Trujillo : mis vivencias /cAlfonsina Perozo ; prólogo Bernardo Vega. aSanto Domingo :bCentenario,c2002. a191 p. :bretrs. ;c21 cm. aIncluye datos biográficos de la autora en la solapa de la cubierta.14aPEROZO (FAMILIA)xHISTORIA 4aPersecuciones políticaszRepública Dominicana 4aHomicidio políticozRepública Dominicana1 aVega, Bernardo,d1938 -epról.